[Event "Bundesliga 2024-25"]
[Site "Kirchweyhe GER"]
[Date "2024.09.28"]
[Round "1.1"]
[Board "1"]
[White "Warmerdam, Max"]
[Black "Gurel, Ediz"]
[Result "1-0"]
[WhiteTitle "GM"]
[BlackTitle "GM"]
[WhiteElo "2679"]
[BlackElo "2602"]
[WhiteTeam "SG Solingen"]
[BlackTeam "SK Kirchweyhe"]
[WhiteFideId "1048104"]
[BlackFideId "44507356"]
[EventDate "2024.10.05"]
[EventType "team"]

1. c4 e5 2. Nc3 Nf6 3. g3 Bb4 4. Bg2 O-O 5. e4 Nc6 6. Nge2 Bc5 7. O-O d6 8. d3
Bg4 9. h3 Bxe2 10. Nxe2 Nd4 11. Be3 Nxe2+ 12. Qxe2 Bxe3 13. Qxe3 c5 14. f4 Nd7
15. Rf2 h6 16. Bf3 Qe7 17. Raf1 Rab8 18. Bg4 Nf6 19. Bd1 Nd7 20. f5 Qg5 21. Qf3
a6 22. h4 Qf6 23. Rh2 Rfd8 24. g4 g6 25. g5 hxg5 26. hxg5 Qxg5+ 27. Rg2 Qf6 28.
Qh5 g5 29. Rxg5+ Kf8 30. Rg6 fxg6 31. fxg6 Qxf1+ 32. Kxf1 Nf6 33. Qh8+ Ng8 34.
Qh7 1-0

[Event "Bundesliga 2024-25"]
[Site "Kirchweyhe GER"]
[Date "2024.09.28"]
[Round "1.1"]
[Board "2"]
[White "Predojevic, Borki"]
[Black "Harikrishna, Pentala"]
[Result "1/2-1/2"]
[WhiteTitle "GM"]
[BlackTitle "GM"]
[WhiteElo "2567"]
[BlackElo "2686"]
[WhiteTeam "SK Kirchweyhe"]
[BlackTeam "SG Solingen"]
[WhiteFideId "930849"]
[BlackFideId "5007003"]
[EventDate "2024.10.05"]
[EventType "team"]

1. e4 e5 2. Nf3 Nc6 3. Nc3 Nf6 4. d4 exd4 5. Nxd4 Bb4 6. Nxc6 bxc6 7. Bd3 O-O 8.
O-O d5 9. exd5 cxd5 10. Bg5 c6 11. Qf3 Bd6 12. Rae1 Rb8 13. Nd1 h6 14. Bxf6 Qxf6
15. Qxf6 gxf6 16. b3 Kg7 17. Ne3 Re8 18. Nf5+ Bxf5 19. Bxf5 Re5 20. Bd3 Rbe8 21.
Rd1 Bb4 22. g3 a5 23. a4 f5 24. Kg2 Kf6 25. Kf3 Bc3 26. h3 h5 27. Rh1 Rg8 28.
Rdg1 Bb4 29. Rg2 Rh8 30. Rgg1 Kg5 31. Kg2 Re6 32. Kf3 Bc3 33. Rd1 Rb8 34. Kg2
Rb4 35. Bf1 h4 36. Rd3 Be1 37. Rf3 hxg3 1/2-1/2

[Event "Bundesliga 2024-25"]
[Site "Kirchweyhe GER"]
[Date "2024.09.28"]
[Round "1.1"]
[Board "3"]
[White "L'Ami, Erwin"]
[Black "Kadric, Denis"]
[Result "1/2-1/2"]
[WhiteTitle "GM"]
[BlackTitle "GM"]
[WhiteElo "2628"]
[BlackElo "2553"]
[WhiteTeam "SG Solingen"]
[BlackTeam "SK Kirchweyhe"]
[WhiteFideId "1007998"]
[BlackFideId "14403803"]
[EventDate "2024.10.05"]
[EventType "team"]

1. d4 Nf6 2. c4 d6 3. Nc3 g6 4. e4 Bg7 5. Nf3 O-O 6. Be2 e5 7. O-O h6 8. dxe5
dxe5 9. Be3 Nc6 10. Qc1 Kh7 11. Rd1 Bd7 12. Bc5 Re8 13. b4 Qc8 14. b5 Nd8 15.
Be3 Bg4 16. h3 Bxf3 17. Bxf3 Ne6 18. Nd5 Nd4 19. Bxd4 exd4 20. Qf4 Nxd5 21. exd5
Qd7 22. Be4 Qd6 23. Qxd6 cxd6 24. Bd3 Bf6 25. a4 Kg7 26. a5 Bd8 27. g3 b6 28. a6
Bf6 29. h4 h5 30. Re1 Kf8 31. Kg2 Rxe1 32. Rxe1 Re8 33. Rxe8+ Kxe8 34. f4 Bd8
35. Kh3 f5 1/2-1/2

[Event "Bundesliga 2024-25"]
[Site "Kirchweyhe GER"]
[Date "2024.09.28"]
[Round "1.1"]
[Board "4"]
[White "Stevic, Hrvoje"]
[Black "Ragger, Markus"]
[Result "1/2-1/2"]
[WhiteTitle "GM"]
[BlackTitle "GM"]
[WhiteElo "2531"]
[BlackElo "2601"]
[WhiteTeam "SK Kirchweyhe"]
[BlackTeam "SG Solingen"]
[WhiteFideId "14502569"]
[BlackFideId "1610856"]
[EventDate "2024.10.05"]
[EventType "team"]

1. e4 e5 2. Nf3 Nc6 3. Nc3 Nf6 4. d4 exd4 5. Nxd4 Bb4 6. Nxc6 bxc6 7. Bd3 O-O 8.
O-O d5 9. exd5 cxd5 10. Bg5 c6 11. Qf3 Bd6 12. Rae1 Rb8 13. Nd1 h6 14. Bxf6 Qxf6
15. Qxf6 gxf6 16. b3 f5 17. Ne3 f4 18. Nf5 Bxf5 19. Bxf5 Kg7 20. g3 Kf6 21. Bd3
Rfe8 22. Kg2 a5 23. a4 Bb4 24. Rxe8 Rxe8 25. gxf4 Re1 26. Rxe1 Bxe1 1/2-1/2

[Event "Bundesliga 2024-25"]
[Site "Kirchweyhe GER"]
[Date "2024.09.28"]
[Round "1.1"]
[Board "5"]
[White "Andersen, Mads"]
[Black "Jovanovic, Zoran"]
[Result "1-0"]
[WhiteTitle "GM"]
[BlackTitle "GM"]
[WhiteElo "2598"]
[BlackElo "2525"]
[WhiteTeam "SG Solingen"]
[BlackTeam "SK Kirchweyhe"]
[WhiteFideId "1413864"]
[BlackFideId "14505320"]
[EventDate "2024.10.05"]
[EventType "team"]

1. e4 d6 2. d4 Nf6 3. Nc3 e5 4. dxe5 dxe5 5. Qxd8+ Kxd8 6. Bc4 Bb4 7. Bxf7 Nxe4
8. Ne2 Rf8 9. Bb3 Nc5 10. Bc4 Be6 11. Bxe6 Nxe6 12. Bd2 Nd7 13. f3 c6 14. O-O-O
Be7 15. Ne4 Kc7 16. Bc3 a5 17. b3 Bb4 18. Bb2 a4 19. Kb1 axb3 20. axb3 Ra5 21.
Nc1 Nf6 22. Nd3 Nxe4 23. fxe4 Bd6 24. Rhf1 Nf4 25. g3 Nxd3 26. Rxf8 Bxf8 27.
Rxd3 Be7 28. Bc3 Rb5 29. Bd2 Kc8 30. Rf3 h5 31. Rf7 Bf6 32. Kb2 c5 33. Bh6 c4
34. Bxg7 Bg5 35. Kc3 cxb3 36. cxb3 Be3 37. b4 Bd4+ 38. Kc4 Rb6 39. Rf6 Rc6+ 40.
Kd5 Rc2 41. h4 Rc3 42. Rg6 Rb3 43. Bxe5 Bxe5 44. Kxe5 Rxb4 45. Rg5 Rb6 46. Kd5
Rb3 47. e5 b5 48. Kd6 b4 49. e6 Rd3+ 50. Ke7 b3 51. Rxh5 Rxg3 52. Rc5+ Kb7 53.
Kf7 Rf3+ 54. Ke8 Ka6 55. Rc1 Rh3 56. e7 Rxh4 57. Kd7 Rd4+ 58. Kc6 b2 59. Re1
Rc4+ 60. Kd6 Rd4+ 61. Kc5 Re4 62. Rxe4 1-0

[Event "Bundesliga 2024-25"]
[Site "Kirchweyhe GER"]
[Date "2024.09.28"]
[Round "1.1"]
[Board "6"]
[White "Van den Doel, Erik"]
[Black "Van Wely, Loek"]
[Result "1-0"]
[WhiteTitle "GM"]
[BlackTitle "GM"]
[WhiteElo "2561"]
[BlackElo "2618"]
[WhiteTeam "SK Kirchweyhe"]
[BlackTeam "SG Solingen"]
[WhiteFideId "1003720"]
[BlackFideId "1000268"]
[EventDate "2024.10.05"]
[EventType "team"]

1. e4 c5 2. Nf3 d6 3. d4 cxd4 4. Nxd4 Nf6 5. Nc3 a6 6. Be2 e6 7. Be3 Qc7 8. Qd2
b5 9. a3 Bb7 10. f3 Nc6 11. g4 Nxd4 12. Bxd4 Be7 13. g5 Nh5 14. Be3 h6 15. gxh6
Bh4+ 16. Kd1 gxh6 17. Kc1 O-O-O 18. Kb1 Nf6 19. a4 b4 20. Na2 d5 21. Qxb4 dxe4
22. Bb6 Qe5 23. Qc4+ Kb8 24. Nb4 exf3 25. Bd3 Ne4 26. Nxa6+ Bxa6 27. Qxa6 Rd7
28. Qb5 Qxb5 29. Bxb5 Rd6 30. a5 f2 31. Ra4 f5 32. Rd4 Rhd8 33. Bxd8 Bxd8 34.
Rxd6 Nxd6 35. Rd1 Kc7 36. Bf1 Bg5 37. c3 e5 38. Kc2 e4 39. b4 f4 40. a6 Be7 41.
a7 Kb7 42. Ra1 Ka8 43. Bh3 Nc4 44. Bd7 1-0

[Event "Bundesliga 2024-25"]
[Site "Kirchweyhe GER"]
[Date "2024.09.28"]
[Round "1.1"]
[Board "8"]
[White "Zaja, Ivan"]
[Black "Naumann, Alexander"]
[Result "1/2-1/2"]
[WhiteTitle "GM"]
[BlackTitle "GM"]
[WhiteElo "2421"]
[BlackElo "2487"]
[WhiteTeam "SK Kirchweyhe"]
[BlackTeam "SG Solingen"]
[WhiteFideId "14500450"]
[BlackFideId "4623169"]
[EventDate "2024.10.05"]
[EventType "team"]

1. d4 d5 2. c4 c6 3. Nf3 Nf6 4. Nc3 dxc4 5. a4 Bf5 6. e3 e6 7. Bxc4 Bb4 8. O-O
O-O 9. Qe2 Bg6 10. h3 Nbd7 11. Ne1 e5 12. Nd3 Bd6 13. dxe5 Nxe5 14. Nf4 Nxc4 15.
Nxg6 hxg6 16. Qxc4 Qe7 17. e4 Rfe8 18. Re1 Qe6 19. Qxe6 Rxe6 20. f3 Nd7 21. Be3
Ne5 22. Rad1 Nc4 23. Bc1 Rae8 24. Re2 Be5 25. Rc2 Rd6 26. Rxd6 Bxd6 27. Kf1 f6 1/2-1/2

[Event "Bundesliga 2024-25"]
[Site "Kirchweyhe GER"]
[Date "2024.09.28"]
[Round "1.2"]
[Board "1"]
[White "Giri, Anish"]
[Black "Beerdsen, Thomas"]
[Result "1-0"]
[WhiteTitle "GM"]
[BlackTitle "GM"]
[WhiteElo "2724"]
[BlackElo "2509"]
[WhiteTeam "Duesseldorfer SK"]
[BlackTeam "SV Muelheim Nord"]
[WhiteFideId "24116068"]
[BlackFideId "1030108"]
[EventDate "2024.10.05"]
[EventType "team"]

1. d4 d5 2. c4 c6 3. Nf3 Nf6 4. e3 Bf5 5. Nc3 e6 6. Nh4 Bg6 7. Qb3 Qc7 8. Nxg6
hxg6 9. Bd2 Nbd7 10. cxd5 exd5 11. O-O-O Be7 12. Kb1 b5 13. f3 a5 14. Qc2 Qb6
15. Bc1 Bb4 16. e4 Bxc3 17. Qxc3 dxe4 18. fxe4 Nxe4 19. Qf3 f5 20. Bd3 Ndf6 21.
g4 O-O-O 22. gxf5 Qxd4 23. Bxb5 Qb6 24. Ba4 Rxd1 25. Bxd1 g5 26. Bc2 g4 27. Qg2
Re8 28. Ka1 Qb5 29. Re1 Qxf5 30. Re3 Re5 31. Qe2 Kb7 32. a4 Rc5 33. Kb1 Kc8 34.
Rxe4 Rxc2 35. Qa6+ Kd7 36. Qd3+ 1-0

[Event "Bundesliga 2024-25"]
[Site "Kirchweyhe GER"]
[Date "2024.09.28"]
[Round "1.2"]
[Board "2"]
[White "Buckels, Valentin"]
[Black "Sindarov, Javokhir"]
[Result "0-1"]
[WhiteTitle "IM"]
[BlackTitle "GM"]
[WhiteElo "2448"]
[BlackElo "2677"]
[WhiteTeam "SV Muelheim Nord"]
[BlackTeam "Duesseldorfer SK"]
[WhiteFideId "12942766"]
[BlackFideId "14205483"]
[EventDate "2024.10.05"]
[EventType "team"]

1. d4 Nf6 2. Nf3 g6 3. Nbd2 Bg7 4. e4 O-O 5. Be2 d6 6. O-O c5 7. dxc5 dxc5 8. c3
Qc7 9. Re1 Nc6 10. Qc2 Rd8 11. h3 b6 12. Nc4 b5 13. Ncd2 a6 14. a4 Rb8 15. axb5
axb5 16. Nb3 c4 17. Nc5 Nd7 18. Nxd7 Rxd7 19. Be3 Bb7 20. Red1 h6 21. Rxd7 Qxd7
22. Qd2 Qxd2 23. Nxd2 g5 24. h4 gxh4 25. f4 e6 26. Bc5 Rc8 27. Kf2 e5 28. f5 Bf6
29. Be3 Bg5 30. b3 cxb3 31. Bxb5 b2 32. Ra2 Nd4 33. Rxb2 Rxc3 34. Bxg5 hxg5 35.
Bd7 g4 36. g3 hxg3+ 37. Kg2 Ne2 0-1

[Event "Bundesliga 2024-25"]
[Site "Kirchweyhe GER"]
[Date "2024.09.28"]
[Round "1.2"]
[Board "3"]
[White "Van Foreest, Jorden"]
[Black "Hausrath, Daniel"]
[Result "1/2-1/2"]
[WhiteTitle "GM"]
[BlackTitle "GM"]
[WhiteElo "2696"]
[BlackElo "2470"]
[WhiteTeam "Duesseldorfer SK"]
[BlackTeam "SV Muelheim Nord"]
[WhiteFideId "1039784"]
[BlackFideId "4617495"]
[EventDate "2024.10.05"]
[EventType "team"]

1. e4 c6 2. d4 d5 3. e5 Bf5 4. Nf3 e6 5. Be2 Nd7 6. O-O Bg6 7. a4 a5 8. Ng5 Ne7
9. Na3 h6 10. Nh3 Nf5 11. Nf4 Bh7 12. Bh5 g6 13. Bg4 g5 14. Nh5 Qb6 15. c3 O-O-O
16. Be2 Be7 17. Bd3 Bg6 18. Nc2 Qb3 19. Qe2 c5 20. dxc5 Nxc5 21. Bxf5 exf5 22.
Nd4 Qc4 23. Qd1 Qd3 24. Ng7 Qxd1 25. Rxd1 f4 26. g3 Bf8 27. Ngf5 Ne6 28. Nxe6
fxe6 29. Nd4 fxg3 30. hxg3 Re8 31. Be3 Bg7 32. f4 h5 33. c4 h4 34. cxd5 hxg3 35.
Nb5 gxf4 36. Bxf4 Kb8 37. Nd6 Ref8 38. Bxg3 Rf3 39. Ra3 Rxa3 40. bxa3 Rh3 41.
Bf4 Rh4 42. Rf1 Rg4+ 43. Kh1 exd5 44. e6 Kc7 45. Nf5+ Kd8 46. Bd6 Bf6 47. Bc5
Ke8 48. Nd6+ Ke7 49. Ne8+ Kxe6 50. Rxf6+ Ke5 51. Bd6+ Kd4 52. Nc7 Be4+ 53. Kh2
Kc4 54. Kh3 Rg6 55. Rxg6 Bxg6 56. Kg3 Bc2 57. Na8 Bxa4 58. Nb6+ Kb5 59. Bc7 Bc2
60. Kf3 d4 61. Ke2 Bf5 62. Bd8 Kc5 63. Kd2 Kb5 64. Kc1 Kc5 65. Kb2 Kb5 66. Nd5
Be4 67. Nf4 d3 68. Kc1 Ka4 69. Be7 b5 70. Ne6 Bf5 71. Nd4 Be4 72. Kd2 b4 73.
axb4 1/2-1/2

[Event "Bundesliga 2024-25"]
[Site "Kirchweyhe GER"]
[Date "2024.09.28"]
[Round "1.2"]
[Board "4"]
[White "Dinstuhl, Volkmar"]
[Black "Esipenko, Andrey"]
[Result "0-1"]
[WhiteTitle "IM"]
[BlackTitle "GM"]
[WhiteElo "2384"]
[BlackElo "2677"]
[WhiteTeam "SV Muelheim Nord"]
[BlackTeam "Duesseldorfer SK"]
[WhiteFideId "4613562"]
[BlackFideId "24175439"]
[EventDate "2024.10.05"]
[EventType "team"]

1. d4 Nf6 2. c4 e6 3. Nf3 d5 4. e3 Be7 5. b3 O-O 6. Bb2 b6 7. cxd5 Nxd5 8. Bd3
Bb7 9. O-O Nd7 10. Nbd2 c5 11. Qb1 h6 12. Rd1 cxd4 13. Nxd4 Nc5 14. Bh7+ Kh8 15.
Ne4 Qe8 16. Ng3 f5 17. b4 Na4 18. Nxe6 Nxb2 19. Nxf8 Nxd1 20. Bxf5 N1c3 21. Ng6+
Qxg6 0-1

[Event "Bundesliga 2024-25"]
[Site "Kirchweyhe GER"]
[Date "2024.09.28"]
[Round "1.2"]
[Board "5"]
[White "Sadhwani, Raunak"]
[Black "Gungl, Theo"]
[Result "1-0"]
[WhiteTitle "GM"]
[BlackTitle "IM"]
[WhiteElo "2659"]
[BlackElo "2338"]
[WhiteTeam "Duesseldorfer SK"]
[BlackTeam "SV Muelheim Nord"]
[WhiteFideId "35093487"]
[BlackFideId "24695653"]
[EventDate "2024.10.05"]
[EventType "team"]

1. e4 c5 2. Nf3 d6 3. d4 cxd4 4. Nxd4 Nf6 5. Nc3 a6 6. Be3 e6 7. f3 b5 8. Qd2
Bb7 9. g4 Nfd7 10. O-O-O Nb6 11. a3 N8d7 12. h4 Rc8 13. Rh3 Ne5 14. Qe1 Nec4 15.
Bf2 Be7 16. f4 O-O 17. g5 Qc7 18. f5 e5 19. f6 exd4 20. fxe7 Qxe7 21. Bxd4 Rfe8
22. Qf2 Nd7 23. Rg3 Nc5 24. Bxc4 bxc4 25. Bxc5 Rxc5 26. Rf1 Re5 27. Rg4 Qc7 28.
Rf4 R8e7 29. Qd4 Qc5 30. Rd1 R7e6 31. Rf5 g6 32. Rxe5 Qxe5 33. Qxe5 Rxe5 34.
Rxd6 Bxe4 35. Rxa6 Bf5 36. Kd2 h6 37. gxh6 Be6 38. Rd6 Kh7 39. Ne2 Kxh6 40. Nf4
Re4 41. Nxe6 fxe6 42. a4 Kh5 43. a5 Kxh4 44. a6 1-0

[Event "Bundesliga 2024-25"]
[Site "Kirchweyhe GER"]
[Date "2024.09.28"]
[Round "1.2"]
[Board "6"]
[White "Albers, Sasa"]
[Black "Gustafsson, Jan"]
[Result "0-1"]
[WhiteTitle "FM"]
[BlackTitle "GM"]
[WhiteElo "2264"]
[BlackElo "2604"]
[WhiteTeam "SV Muelheim Nord"]
[BlackTeam "Duesseldorfer SK"]
[WhiteFideId "1068253"]
[BlackFideId "4625498"]
[EventDate "2024.10.05"]
[EventType "team"]

1. e4 e5 2. Nf3 Nc6 3. Bb5 a6 4. Ba4 d6 5. O-O Bg4 6. c3 Qf6 7. d3 Ne7 8. Be3
Bxf3 9. Qxf3 Qxf3 10. gxf3 Ng6 11. Nd2 Be7 12. d4 O-O 13. dxe5 dxe5 14. Rad1 Nd8
15. Bd7 Ne6 16. Nc4 b5 17. Na5 Nh4 18. Nc6 Bd6 19. a4 Nxf3+ 20. Kg2 Nh4+ 21. Kg3
Ng6 22. axb5 axb5 23. Rd5 b4 24. cxb4 Ngf4 25. Rxd6 cxd6 26. b5 Nh5+ 27. Kh4 Nf6
28. Bxe6 fxe6 29. b6 Nxe4 30. f3 Nf6 31. b7 Rab8 32. Na5 Rf7 33. Rc1 Rfxb7 34.
Nxb7 Rxb7 35. Rc6 Rxb2 36. Rxd6 Rxh2+ 37. Kg3 Re2 0-1

[Event "Bundesliga 2024-25"]
[Site "Kirchweyhe GER"]
[Date "2024.09.28"]
[Round "1.2"]
[Board "7"]
[White "Bologan, Victor"]
[Black "Stillger, Bernhard"]
[Result "1/2-1/2"]
[WhiteTitle "GM"]
[BlackTitle "FM"]
[WhiteElo "2598"]
[BlackElo "2179"]
[WhiteTeam "Duesseldorfer SK"]
[BlackTeam "SV Muelheim Nord"]
[WhiteFideId "13900048"]
[BlackFideId "4610768"]
[EventDate "2024.10.05"]
[EventType "team"]

1. e4 e5 2. Nf3 Nf6 3. d4 Nxe4 4. Bd3 d5 5. Nxe5 Nd7 6. Nxd7 Bxd7 7. Nc3 Nxc3 8.
bxc3 Bd6 9. O-O O-O 10. Qh5 f5 11. Bg5 Qe8 12. Qf3 Qf7 13. Bf4 Rae8 14. Rab1 b6
15. h4 Re7 16. Rfe1 Rfe8 17. Rxe7 Rxe7 18. Bxd6 cxd6 19. Qf4 Qf6 20. g3 g6 21.
Bf1 Re4 22. Qf3 Bc6 23. Bg2 b5 24. Qd1 Re8 25. Qd2 Kg7 26. a4 a6 27. axb5 axb5
28. Bf1 f4 29. Qxf4 Qxf4 30. gxf4 Ra8 31. Kg2 Kf6 32. Kf3 Bd7 33. Ke3 Re8+ 34.
Kf3 Ra8 35. Bd3 Ra5 36. Ke3 Ra8 37. Kd2 Ra5 38. Rg1 Be8 39. Rg5 Bf7 40. Rg1 Be8
41. f5 gxf5 42. Rg8 Bg6 43. Rf8+ Ke6 44. Be2 Ke7 45. Rb8 Be8 46. Rb7+ Bd7 47.
Bd3 Kd8 48. Rb8+ Ke7 49. Rh8 Be6 50. Rxh7+ Kf6 51. Rh6+ Kf7 52. f4 Ra1 53. Bxb5
Rh1 54. Be2 Rh2 55. h5 Rh4 56. Ke3 Rh3+ 57. Bf3 Rh2 58. c4 dxc4 59. d5 Bd7 60.
Rxd6 Ke7 61. Rg6 Be8 62. Rg2 Rh3 63. Rg5 Kf6 64. c3 Bf7 65. Kf2 Rh2+ 66. Rg2 Rh3
67. Rg3 Rh2+ 68. Ke3 Rh4 69. Rg1 Rh3 70. Kf2 Rh2+ 71. Rg2 Rh3 72. Rg5 Rh2+ 73.
Ke1 Rc2 74. h6 Rh2 75. Rg2 Rxh6 76. Ra2 Rh3 77. Ra6+ Kg7 78. Kf2 Rh2+ 79. Ke3
Rh3 80. Ra7 Kf6 81. Kf2 Rh2+ 82. Ke1 Rh3 83. Ke2 Rh2+ 84. Kf1 Rd2 85. Rc7 Rd3
86. Be2 Rxc3 87. Rxc4 Rxc4 88. Bxc4 Be8 89. d6 Bd7 90. Kf2 Be6 91. Bb5 Bd5 92.
Ke3 Ke6 93. d7 Ke7 94. Kd4 Be4 95. Kc5 Kd8 96. Kd6 Bd3 97. Bc6 Bb5 98. Kd5 Bd3
99. Ke6 Bc2 100. Bb5 Be4 101. Kd6 Bd3 102. Bc6 Bb5 103. Kc5 Bd3 104. Ba4 Be4
105. Kd4 Bb1 106. Bc6 Bc2 107. Ke5 Bd3 108. Kf6 Bc2 109. Bd5 Kxd7 110. Bf7 Bd3
111. Bg6 Kd6 112. Bxf5 Bc4 113. Bg4 Bd3 114. Bh5 Be4 115. Bg6 Bd5 116. Bf7 Be4
117. Be8 Bd3 118. Bg6 Bc4 119. f5 Bd3 120. Kg7 Bxf5 1/2-1/2

[Event "Bundesliga 2024-25"]
[Site "Kirchweyhe GER"]
[Date "2024.09.28"]
[Round "1.2"]
[Board "8"]
[White "Dordevic, Tom"]
[Black "Klaska, Philipp Leon"]
[Result "1/2-1/2"]
[WhiteElo "2117"]
[BlackElo "2263"]
[WhiteTeam "SV Muelheim Nord"]
[BlackTeam "Duesseldorfer SK"]
[WhiteFideId "16260503"]
[BlackFideId "16238044"]
[EventDate "2024.10.05"]
[EventType "team"]

1. d4 Nf6 2. c4 e6 3. Nf3 b6 4. g3 Ba6 5. Qc2 c5 6. d5 exd5 7. cxd5 Bb7 8. Bg2
Nxd5 9. O-O Nc6 10. Rd1 Be7 11. Qa4 Nf6 12. Nh4 O-O 13. Nf5 d5 14. Nc3 Nd4 15.
Nxd4 cxd4 16. Rxd4 Bc5 17. Rd3 Re8 18. Bf4 a6 19. Rad1 b5 20. Qb3 Qb6 21. e3 h6
22. Nxd5 Bxd5 23. Bxd5 Ra7 24. Bf3 Rae7 25. Bd6 Re6 26. Bxc5 Qxc5 27. Rd8 Qf5
28. Kg2 Qe5 29. Qc2 g6 30. Rxe8+ Rxe8 31. Rd4 Kg7 32. b3 h5 33. a4 Re7 34. Qd3
Rc7 35. axb5 axb5 36. Rb4 Rc5 37. Qd4 Qe7 38. Qd3 Qe5 39. Be2 Rd5 40. Rxb5 Rxd3
41. Rxe5 Rxb3 42. Re7 Rc3 43. Rb7 Rc2 44. Bf3 Rd2 45. e4 Ng4 46. Bxg4 hxg4 47.
Rb4 Kf6 48. Rb6+ Ke5 49. Rb7 Ke6 50. Rb6+ Ke5 51. Rb5+ Kxe4 52. Rg5 Rd7 53.
Rxg4+ Kf5 54. Ra4 Kf6 55. Ra6+ Kg7 56. g4 Rd5 57. h4 Rd4 58. Kg3 Rb4 59. h5 Rb1
60. hxg6 fxg6 61. Kh4 Rb5 62. f4 Rc5 63. Ra7+ Kf8 64. Ra6 Kf7 65. Ra2 Rb5 66.
Re2 Kf6 67. Rc2 Kf7 68. Re2 Kf6 69. Re5 Rb4 70. Ra5 Rxf4 71. Ra6+ Kf7 72. Kg5
Rb4 73. Rf6+ Kg7 74. Rxg6+ Kh7 75. Rc6 Kg7 76. Rc7+ Kg8 77. Kh5 Rb6 78. g5 Ra6
79. Rc8+ Kg7 80. Rc5 Rb6 81. g6 Rb1 82. Rc7+ Kg8 83. Rc4 Rh1+ 84. Kg5 Rg1+ 85.
Rg4 Rxg4+ 86. Kxg4 Kg7 87. Kh5 Kg8 88. Kg5 Kg7 89. Kf5 Kg8 90. Kf6 Kh8 91. Kf7 1/2-1/2

[Event "Bundesliga 2024-25"]
[Site "Kirchweyhe GER"]
[Date "2024.09.29"]
[Round "2.1"]
[Board "2"]
[White "Harikrishna, Pentala"]
[Black "Buckels, Valentin"]
[Result "1-0"]
[WhiteTitle "GM"]
[BlackTitle "IM"]
[WhiteElo "2686"]
[BlackElo "2448"]
[WhiteTeam "SG Solingen"]
[BlackTeam "SV Muelheim Nord"]
[WhiteFideId "5007003"]
[BlackFideId "12942766"]
[EventDate "2024.10.05"]
[EventType "team"]

1. c4 e6 2. Nf3 d5 3. g3 d4 4. Bg2 c5 5. e3 Ne7 6. exd4 Nf5 7. dxc5 Nc6 8. O-O
Bxc5 9. b3 e5 10. Ba3 Bxa3 11. Nxa3 O-O 12. d3 Qa5 13. Nc2 Rd8 14. Qe1 Qxe1 15.
Rfxe1 f6 16. Rad1 g5 17. Ne3 Nb4 18. d4 Nxe3 19. fxe3 e4 20. Nd2 Nc2 21. Nxe4
Nxe1 22. Rxe1 Kg7 23. Rf1 Rf8 24. Nd6 Rb8 25. c5 Rd8 26. Rc1 Kf8 27. Be4 h5 28.
b4 Ke7 29. Nxc8+ Rdxc8 30. Bf5 Re8 31. d5 Kd8 32. e4 a6 33. d6 Re5 34. a4 1-0

[Event "Bundesliga 2024-25"]
[Site "Kirchweyhe GER"]
[Date "2024.09.29"]
[Round "2.2"]
[Board "2"]
[White "Giri, Anish"]
[Black "Predojevic, Borki"]
[Result "1-0"]
[WhiteTitle "GM"]
[BlackTitle "GM"]
[WhiteElo "2724"]
[BlackElo "2567"]
[WhiteTeam "Duesseldorfer SK"]
[BlackTeam "SK Kirchweyhe"]
[WhiteFideId "24116068"]
[BlackFideId "930849"]
[EventDate "2024.10.05"]
[EventType "team"]

1. d4 e6 2. Nf3 c5 3. e4 cxd4 4. Nxd4 a6 5. Bd3 Nf6 6. O-O d6 7. c4 b6 8. Nc3
Bb7 9. f4 g6 10. f5 gxf5 11. exf5 Rg8 12. Nf3 e5 13. Bg5 Nbd7 14. Be4 Qc8 15.
Bxb7 Qxb7 16. Qe2 Be7 17. a4 O-O-O 18. b4 e4 19. Bxf6 Nxf6 20. Nd4 d5 21. Rab1
dxc4 22. Qxc4+ Qc7 23. Qxa6+ Kb8 24. Ncb5 Qb7 25. Nc6+ Qxc6 26. Qa7+ Kc8 27.
Qxe7 Qc2 28. g3 Nd5 29. Nd6+ Rxd6 30. Qxd6 Nc3 31. Qc6+ Kb8 32. Qxb6+ Ka8 33.
Qc6+ Kb8 34. Rbc1 Ne2+ 35. Kf2 Qd2 36. Qb6+ Ka8 37. Qa5+ Kb8 38. Qe5+ 1-0

[Event "Bundesliga 2024-25"]
[Site "Kirchweyhe GER"]
[Date "2024.09.29"]
[Round "2.2"]
[Board "4"]
[White "Van Foreest, Jorden"]
[Black "Stevic, Hrvoje"]
[Result "1/2-1/2"]
[WhiteTitle "GM"]
[BlackTitle "GM"]
[WhiteElo "2696"]
[BlackElo "2531"]
[WhiteTeam "Duesseldorfer SK"]
[BlackTeam "SK Kirchweyhe"]
[WhiteFideId "1039784"]
[BlackFideId "14502569"]
[EventDate "2024.10.05"]
[EventType "team"]

1. e4 e5 2. Nf3 Nc6 3. Bc4 Nf6 4. d3 Be7 5. Nc3 O-O 6. a3 d6 7. Be3 Be6 8. Ng5
Bxc4 9. dxc4 Qd7 10. h3 Nd8 11. g4 Ne6 12. Nf3 Qc6 13. Nd2 Rae8 14. Rg1 a6 15.
a4 Nd7 16. Nd5 a5 17. g5 Qa6 18. b3 Bd8 19. h4 c6 20. Nc3 Bb6 21. Nf3 Qa7 22.
Bxb6 Qxb6 23. Qd3 Ndc5 24. Qe3 f5 25. O-O-O fxe4 26. Nxe4 Nxb3+ 27. cxb3 Qxe3+
28. fxe3 Rxf3 29. Nxd6 Rb8 30. Rgf1 Rxe3 31. Nf5 Rxb3 32. Rd7 Rc3+ 33. Kb2 Rxc4
34. Rxg7+ Nxg7 35. Nh6+ Kh8 36. Nf7+ 1/2-1/2

[Event "Bundesliga 2024-25"]
[Site "Hamburg GER"]
[Date "2024.10.05"]
[Round "1.3"]
[Board "1"]
[White "Kraemer, Martin"]
[Black "Svane, Frederik"]
[Result "1/2-1/2"]
[WhiteTitle "GM"]
[BlackTitle "GM"]
[WhiteElo "2571"]
[BlackElo "2640"]
[WhiteTeam "SC Heimbach-Weis-Neuwied"]
[BlackTeam "Hamburger SK"]
[WhiteFideId "4671910"]
[BlackFideId "12923044"]
[EventDate "2024.10.05"]
[EventType "team"]

1. d4 d5 2. c4 c6 3. Nc3 Nf6 4. e3 e6 5. Nf3 Nbd7 6. Qc2 Bd6 7. Bd3 dxc4 8. Bxc4
b5 9. Be2 O-O 10. O-O a6 11. Rd1 Qc7 12. a3 c5 13. dxc5 Qxc5 14. b4 Qc7 15. Bb2
Bb7 16. Rac1 Qb6 17. a4 Bxb4 18. axb5 axb5 19. Qb3 Bxc3 20. Bxc3 Rab8 21. Nd4
Nd5 22. Qxb5 Qxb5 1/2-1/2